02789nam a2200385 a 4500001001200000003000800012006001900020007001500039008004100054010001700095020001500112020001800127040002100145035002100166050002400187082001600211111010400227245011600331250001200447260004900459300001400508490003500522500020800557504005100765505107000816533015201886610005302038610002502091650005302116655002902169700003002198710001702228830003202245856012602277ebr10586754CaPaEBRm u cr cn|||||||||070827s2007 nyu sb 101 0 eng d z 2007034059 z0823228118 z9780823228119 aCaPaEBRcCaPaEBR a(OCoLC)79492919314aBM535b.I486 2005eb04a261.2/62222 aInternational Colloquium of Jesuits in Jewish-Christian dialoguen(3rd :d2005 :cZug, Switzerland)10aFriends on the wayh[electronic resource] :bJesuits encounter contemporary Judaism /cedited by Thomas Michel. a1st ed. aNew York :bFordham University Press,c2007. ax, 230 p.1 aThe Abrahamic dialogues series a"The papers in this volume were delivered at the Third International Colloquium of Jesuits in Jewish-Christian dialogue ... held at Bad Sch�onbrunn in Zug, Switzerland, from July 18 to 23, 2005"--Pref. aIncludes bibliographical references and index.0 aPreface / Thomas Michel -- Introduction / Harold Kasimov -- From windfall to fall : the conversos in the Society of Jesus / Marc Rastoin -- Reflections on the dialogue between Jew and non-Jew in the Bible and in rabbinic literature / Tovia Ben-Chorin -- The goal of the Ignatian exercises and Soloveitchik's halakhic spirituality / Christian M. Rutishauser -- An Ignatian perspective on contemporary Jewish spirituality / Donald Moore -- The Jewish theology of Abraham Joshua Heschel as a challenge for Catholic theology / Stanislaw Obirek -- The genius and the wisdom of Harold Bloom / Peter Du Brul -- From Midrash to Rashi to contemporary narrative exegesis (R. Alter, M. Sternberg, et al.) : continuity in Jewish biblical reading / Jean-Pierre Sonnet -- Inscribe the new in the old : inner-biblical exegesis (M. Fishbane) and the hermeneutics of innovation (B. Levinson) / Jean-Pierre Sonnet -- A Catholic conversation with Hannah Arendt / James Bernauer -- What might Israelis and Jews learn about Christians and Christianity at Yad Vashem? / David M. Neuhaus. aElectronic reproduction.bPalo Alto, Calif. :cebrary,d2011.nAvailable via World Wide Web.nAccess may be limited to ebrary affiliated libraries.20aCatholic ChurchxRelationsxJudaismvCongresses.20aJesuitsvCongresses. 0aJudaismxRelationsxCatholic ChurchvCongresses. 7aElectronic books.2local1 aMichel, Thomas F.,d1941-2 aebrary, Inc. 0aAbrahamic dialogues series.40uhttp://site.ebrary.com/lib/rucke/Doc?id=10586754zAn electronic book accessible through the World Wide Web; click to view